Statistics for Countries of the European Union

Click here to take the quiz!

General Stats

  • This quiz has been taken 15 times
  • The average score is 26 of 27

Answer Stats

Answer% Correct
Belgium
100%
Czech Republic
100%
Denmark
100%
Finland
100%
France
100%
Germany
100%
Greece
100%
Ireland
100%
Italy
100%
Netherlands
100%
Poland
100%
Romania
100%
Slovakia
100%
Slovenia
100%
Croatia
93%
Estonia
93%
Hungary
93%
Latvia
93%
Lithuania
93%
Luxembourg
93%
Portugal
93%
Spain
93%
Sweden
93%
Austria
87%
Bulgaria
87%
Malta
80%
Cyprus
73%

Score Distribution

Percentile by Number Answered

Percent of People with Each Score

Your Score History

You have not taken this quiz